Sewage systems, waste water treatment - impact on receiving bodies

Saved in:
Bibliographic Details
Main Author: ALSAHALI, Ahmad A.M.Sh.M., 1977- (Author)
Other Authors: Mahríková, Ivana, 1967- (Thesis advisor)
Format: Manuscript Book
Language:English
Published: Bratislava : STU v Bratislave SvF, 2013
Subjects:
Online Access:VAIS
Tags: Add Tag
No Tags, Be the first to tag this record!

MARC

LEADER 00000ntm a22000003a 4500
001 stu271893
005 20150617230237.8
008 130720s2013----xo------------------eng-d
040 |a STU  |b slo 
041 0 |a eng 
044 |a xo 
100 1 |a ALSAHALI, Ahmad A.M.Sh.M.,  |d 1977-  |4 aut  |u V  |T SvF Stavebná fakulta  |X 45075  |U V  |Y 10  |7 A000045075 
245 1 |a Sewage systems, waste water treatment - impact on receiving bodies 
260 |a Bratislava :  |b STU v Bratislave SvF,  |c 2013 
650 7 |a stavebné inžinierstvo  |2 stusub 
650 7 |a Civil Engineering  |2 estusub 
700 1 |a Mahríková, Ivana,  |d 1967-  |4 ths  |u V280  |U SvF Stavebná fakulta  |T SvF Katedra zdravotného inžinierstva  |X 728  |U V280  |Y 29  |7 A000000728 
856 4 |a info a plný text  |u http://is.stuba.sk/zp/portal_zp.pl?podrobnosti=86279  |3 VAIS